00425nam a2200181Ia 4500008004100000020001800041050001400059100002200073245002500095245002200120260001500142260001600157260000900173300001600182300002700198300001000225500000800235170918s9999 xx 000 0 und d a9780545104425 bO183 2007 aO'Connor, Barbara aHow to steal a dog / cBarbara O'Connor. aNew York : bScholastic, c2007 a168 pages : bcolored illustration ; c19cm. a700